Najpopularniejsze Zwierzęta Domowe - Statystyki

Ogólne statystyki
  • Ten quiz został rozwiązany 13 950 razy
  • Średni wynik to 8 z 12
Statystyki odpowiedzi
Odpowiedź % Poprawnych
Kot
100%
Pies
100%
Chomik
92%
Ryba
74%
Ptak
72%
Świnka Morska
70%
Królik
65%
Mysz / Szczur
63%
Wąż
58%
Pająk
46%
Żółw
33%
Jaszczurka
32%
Nie znaleziono quizów pasujących do podanych kryteriów
Rozkład punktacji
Procent ludzi z każdym wynikiem
Percentyl według liczby udzielonych odpowiedzi
Twoja historia wyników
Nie rozwiązałeś tego quizu